000
00266nam a2200097Ia 4500
008
220204s9999 xx 000 0 und d
082
_a
339.562(058)(4)
_b
DIR
245
0
_a
Directory-importers of Europe
260
_a
New Delhi
_b
Centre of Publications
_c
1997
942
_c
BK
999
_c
41769
_d
41769